000 00823nam a2200265 a 4500
001 000026621
003 OSt
005 20260527074042.0
008 110324s1983 dr 000 0 spa d
040 _aDO-SdBNP
_bspa
_cDO-SdBNP
082 4 _a 330.122
_bB742c
_222
100 1 _a Bosch, Juan,
_d1909-2001
_976555
245 1 0 _aCapitalismo, democracia y liberación nacional /
_cJuan Bosch.
260 _aSanto Domingo :
_bAlfa & Omega,
_c1983.
300 _a143 p. ;
_c21 cm.
590 _aInventariado, 2018/ YL
610 1 4 _aPartido de La Liberación Dominicana
_9284
650 0 _aCapitalismo
_9280
650 0 _aPartidos políticos
_zRepública Dominicana
_9285
650 0 _aDemocracia
_9286
650 0 _aSocialismo
_9287
910 _aValidado. Control de calidad MFF
942 _2ddc
_cLBS1
956 _aVMateo
999 _c26113
_d26113